UM Logo

Elimination of circulating current in a parallel rectifier using an interface circuit / (Record no. 18841)

MARC details
000 -LEADER
fixed length control field 00999nam a22002417a 4500
003 - CONTROL NUMBER IDENTIFIER
control field OSt
005 - DATE AND TIME OF LATEST TRANSACTION
control field 20251015161216.0
008 - FIXED-LENGTH DATA ELEMENTS--GENERAL INFORMATION
fixed length control field 240201b ||||| |||| 00| 0 eng d
040 ## - CATALOGING SOURCE
Transcribing agency 0
082 ## - DEWEY DECIMAL CLASSIFICATION NUMBER
Classification number DPer 621.317 Ie21 January 2022 v. 37 n. 1
100 ## - MAIN ENTRY--PERSONAL NAME
Personal name Porkia, Hadi A.
Relator term author.
9 (RLIN) 51039
245 ## - TITLE STATEMENT
Title Elimination of circulating current in a parallel rectifier using an interface circuit /
Statement of responsibility, etc. Hadi A. Porkia, Jafar Adabi, and Firuz Zare.
260 ## - PUBLICATION, DISTRIBUTION, ETC. (IMPRINT)
Place of publication, distribution, etc. New York ;
Name of publisher, distributor, etc. The Institute of Electrical and Electronics Engineers, Inc. ,
Date of publication, distribution, etc. January 2022.
300 ## - PHYSICAL DESCRIPTION
Extent Volume 37, pages 264-273 :
Other physical details illustration ;
Dimensions 28 cm.
500 ## - GENERAL NOTE
General note IEEE Transactions on Power Electronics, v. 37 n. 1, pages 264-274, January 2022.
650 #0 - SUBJECT ADDED ENTRY--TOPICAL TERM
Topical term or geographic name as entry element Circulating current.
9 (RLIN) 65752
650 #0 - SUBJECT ADDED ENTRY--TOPICAL TERM
Topical term or geographic name as entry element Pulse width modulation.
9 (RLIN) 65747
650 ## - SUBJECT ADDED ENTRY--TOPICAL TERM
Topical term or geographic name as entry element Electric currents.
9 (RLIN) 57008
700 ## - ADDED ENTRY--PERSONAL NAME
Personal name Porkia, Hadi A.
Relator term author.
9 (RLIN) 51039
700 ## - ADDED ENTRY--PERSONAL NAME
Personal name Adabi, Jafar.
Relator term author.
9 (RLIN) 51040
700 ## - ADDED ENTRY--PERSONAL NAME
Personal name Zare, Firuz.
Relator term author.
9 (RLIN) 51041
942 ## - ADDED ENTRY ELEMENTS (KOHA)
Source of classification or shelving scheme Dewey Decimal Classification
Koha item type Periodicals
Holdings
Withdrawn status Lost status Source of classification or shelving scheme Damaged status Not for loan Collection code Home library Current library Date acquired Total Checkouts Full call number Date last seen Price effective from Koha item type Public note
    Dewey Decimal Classification     Periodicals UM Digos College - LIC UM Digos College - LIC 02/01/2024   DPer 621.317 Ie21 January 2022 v. 37 n. 1 02/01/2024 02/01/2024 Periodicals Periodical Article